000 00425cam a2200157ua 4500
003 OSt
008 250415b |||||||| |||| 00| 0 eng d
041 _aeng
082 _a624.15136
_bBOW/PH
100 _aBowles, Joseph E.
_97396
245 _aPhysical and geo-technical properties of soils /
250 _a2 /
260 _aSingapore :
_bMcGraw-Hill International Book Company ,
_c1984.
300 _a571 ; .
942 _cBK
999 _c9451
_d9451